00509 2200181 4500001002100000005001500021008004100036020001800077035001900095041000700114082000800121090001400129100002700143245004600170260006600216300003200282650001300314INLIS00000000000287920241224112622241224||||||||| | ||| |||| || |  a979-8026-44-6 0010-1224002879 aen0 a920 a920 HAR n0 aKadjat Hartojo[et. Al]00aNalar dan Naluri : 70 Tahun Daoed Joesoef aJakartabCentre For Strategic And International Studiesc1996 axii, 676 hlm.; ilus.: 25 cm 0aBiografi